| 000 | 00548nam a2200169 i 4500 | ||
|---|---|---|---|
| 001 | 24358 | ||
| 003 | ES-MaACL | ||
| 005 | 20230906153032.0 | ||
| 007 | t| | ||
| 008 | 021217s1972 sp ||||1| spa d | ||
| 245 | 0 | 0 |
_aAnálisis regional _b: textos escogidos / _cintroducción y selección por L. Needleman ; [Traducción por Reyes Fernández Durán]. |
| 260 |
_aMadrid : _bTecnos, _c[1972] |
||
| 300 |
_a259 p. ; _c23 cm. |
||
| 700 | 1 |
_aNeedleman, L. _985279 |
|
| 700 | 1 |
_aFernández Durán, Reyes. _949751 |
|
| 852 |
_aES-MaACL _jC-42375 _bR.80684 |
||
| 999 |
_c24358 _d24358 |
||